[Event "POL-chT U20 2nd League"]
[Site "Szczyrk"]
[Date "2017.07.26"]
[Round "7.2"]
[White "Tustanowski, Mateusz"]
[Black "Maminski, Hubert"]
[Result "1/2-1/2"]
[WhiteElo "1916"]
[BlackElo "1826"]
[PlyCount "71"]
[EventDate "2017.07.22"]
[EventType "team-swiss"]
[EventRounds "11"]
[EventCountry "POL"]
[SourceTitle "EXT 2019"]
[Source "ChessBase"]
[SourceDate "2018.10.10"]
[SourceVersion "1"]
[SourceVersionDate "2018.10.10"]
[SourceQuality "1"]

1. e4 c6 2. d4 d5 3. Nc3 dxe4 4. Nxe4 Bf5 5. Ng3 Bg6 6. h4 h6 7. Nf3 Nd7 8. h5 Bh7 9. Bd3 Bxd3 10. Qxd3 Qc7 11. Bd2 Ngf6 12. 0-0-0 0-0-0 13. Qe2 e6 14. Ne5 Nb6 15. Ba5 Bd6 16. Kb1 Rhf8 17. Ne4 Nxe4 18. Qxe4 Qe7 19. Bxb6 axb6 20. f4 Qc7 21. c4 f5 22. Qe2 Bxe5 23. dxe5 Qe7 24. g3 Qc5 25. a3 Qe7 26. Kc2 Rxd1 27. Rxd1 Rd8 28. Rxd8+ Qxd8 29. Qd3 Qe7 30. b4 Qc7 31. c5 bxc5 32. bxc5 Qa5 33. Qc4 Kb8 34. Qxe6 Qxc5+ 35. Kb2 Qf2+ 36. Kb1 1/2-1/2

[Event "POL-chT U20 2nd League"]
[Site "Szczyrk"]
[Date "2017.07.25"]
[Round "5.14"]
[White "Maminski, Hubert"]
[Black "Charczenko, Dominik"]
[Result "0-1"]
[WhiteElo "1826"]
[BlackElo "1635"]
[PlyCount "124"]
[EventDate "2017.07.22"]
[EventType "team-swiss"]
[EventRounds "11"]
[EventCountry "POL"]
[SourceTitle "EXT 2019"]
[Source "ChessBase"]
[SourceDate "2018.10.10"]
[SourceVersion "1"]
[SourceVersionDate "2018.10.10"]
[SourceQuality "1"]

1. d4 Nf6 2. c4 e6 3. Nf3 d5 4. e3 c5 5. Nc3 dxc4 6. Bxc4 Nc6 7. 0-0 Be7 8. a3 0-0 9. Qd3 a6 10. Ne5 Nxe5 11. dxe5 Qxd3 12. Bxd3 Nd7 13. f4 b5 14. a4 b4 15. Ne4 a5 16. b3 Ba6 17. Bxa6 Rxa6 18. Bb2 Rc6 19. Nd2 Nb6 20. Rac1 Rfc8 21. Nc4 Nxc4 22. Rxc4 Rd8 23. Bd4 Rdc8 24. Rfc1 Kf8 25. Kf1 Ke8 26. Ke2 Kd7 27. Bb2 Kc7 28. Rd1 Rd8 29. Rxd8 Kxd8 30. e4 g6 31. g4 Rc7 32. Bc1 Kd7 33. Be3 Kc6 34. Rc1 Rc8 35. Kd3 Kb6 36. Rc2 Rd8+ 37. Ke2 Rd7 38. f5 Rd8 39. Rc1 exf5 40. exf5 gxf5 41. gxf5 Rd5 42. Bf4 f6 43. Rd1 Kc6 44. Rxd5 Kxd5 45. exf6 Bxf6 46. Kd3 Bd8 47. Bh6 Ke5 48. Kc4 Kxf5 49. Kxc5 Ke4 50. Kc4 Bc7 51. Kb5 Kd3 52. Bg7 Kc2 53. Kc4 Bxh2 54. Bd4 Bc7 55. Bf2 Bd8 56. Bg3 h5 57. Bd6 h4 58. Be5 h3 59. Bg3 Kd2 60. Bf4+ Ke2 61. Kb5 Kf3 62. Bd6 Kg2 0-1

[Event "POL-chT U19 2nd League"]
[Site "Iwonicz"]
[Date "2016.07.31"]
[Round "2.20"]
[White "Maminski, Hubert"]
[Black "Fudalej, Slawomir"]
[Result "1-0"]
[WhiteElo "1801"]
[BlackElo "1597"]
[PlyCount "167"]
[EventDate "2016.07.23"]
[EventType "team-swiss"]
[EventRounds "11"]
[EventCountry "POL"]
[SourceTitle "EXT 2019"]
[Source "ChessBase"]
[SourceDate "2018.10.10"]
[SourceVersion "1"]
[SourceVersionDate "2018.10.10"]
[SourceQuality "1"]
[WhiteTeam "Chylice KS Laura U19 II"]
[BlackTeam "Kozuchow Odrodzenie U19"]
[WhiteTeamCountry "POL"]
[BlackTeamCountry "POL"]

1. d4 d5 2. c4 e6 3. Nc3 Nf6 4. e3 c6 5. Nf3 Nbd7 6. Qc2 Bd6 7. Bd3 e5 8. cxd5 cxd5 9. dxe5 Nxe5 10. Bb5+ Bd7 11. Bxd7+ Qxd7 12. Nd4 0-0 13. 0-0 Rac8 14. Qb3 Bb8 15. Rd1 Rfd8 16. Bd2 Nc4 17. Be1 Ne4 18. Rac1 Nxc3 19. Bxc3 a6 20. Qc2 b5 21. Qf5 Qd6 22. Nf3 b4 23. Be5 Qe6 24. Qxe6 fxe6 25. Bxb8 Rxb8 26. b3 Nd6 27. Nd4 Re8 28. Rc6 Ne4 29. Nxe6 Nc3 30. Rd2 Rec8 31. Rxa6 Nxa2 32. g3 Nc1 33. Rxd5 Nxb3 34. Ra7 Kh8 35. Rxg7 Rg8 36. Rf7 Rg6 37. Nf4 Rg7 38. Rxg7 Kxg7 39. Nd3 Na1 40. Ra5 Nc2 41. Ra2 b3 42. Rb2 Kf6 43. Nc1 Na1 44. Rb1 b2 45. Nd3 Rb3 46. Nxb2 Nc2 47. Kf1 Ke6 48. h3 Kf5 49. Ke2 Na3 50. Ra1 Rxb2+ 51. Kf3 Nc4 52. g4+ Ke5 53. Kg3 Nd2 54. Ra5+ Ke4 55. Rf5 Nf1+ 56. Kh4 Nd2 57. Kh5 Rb6 58. Rf4+ Ke5 59. h4 Ne4 60. g5 h6 61. f3 Ng3+ 62. Kg4 hxg5 63. hxg5 Rg6 64. Kxg3 Rxg5+ 65. Rg4 Rh5 66. Ra4 Rh1 67. Ra5+ Kf6 68. e4 Re1 69. Kf4 Rf1 70. Ra6+ Ke7 71. Kg4 Rb1 72. e5 Rb3 73. f4 Rb4 74. Kf5 Rb7 75. Rh6 Rb5 76. Rh7+ Ke8 77. Kf6 Ra5 78. e6 Kd8 79. f5 Rb5 80. Rh8+ Kc7 81. e7 Rb6+ 82. Kf7 Rb8 83. Rxb8 Kxb8 84. e8Q+ 1-0

[Event "POL-chT U19 1st League"]
[Site "Ustron"]
[Date "2015.08.01"]
[Round "8.22"]
[White "Rogala, Milosz"]
[Black "Maminski, Hubert"]
[Result "0-1"]
[WhiteElo "1356"]
[BlackElo "1763"]
[PlyCount "154"]
[EventDate "2015.07.25"]
[EventType "team-tourn"]
[EventRounds "9"]
[EventCountry "POL"]
[SourceTitle "EXT 2018"]
[Source "ChessBase"]
[SourceDate "2017.10.13"]
[SourceVersion "1"]
[SourceVersionDate "2017.10.13"]
[SourceQuality "1"]
[WhiteTeam "Grzybowo GKSz Solny U19"]
[BlackTeam "Chylice KS Laura U19"]
[WhiteTeamCountry "POL"]
[BlackTeamCountry "POL"]

1. e4 c6 2. d4 d5 3. Nc3 dxe4 4. Nxe4 Bf5 5. Ng3 Bg6 6. h4 h6 7. Nf3 Nd7 8. h5 Bh7 9. Bd3 Bxd3 10. Qxd3 e6 11. Bd2 Ngf6 12. Qe2 Qc7 13. 0-0-0 0-0-0 14. Ne5 Nb6 15. Ba5 Bd6 16. Bxb6 axb6 17. f4 Nd5 18. Qf2 f6 19. Ng6 Bxf4+ 20. Nxf4 Qxf4+ 21. Qxf4 Nxf4 22. Rhg1 Rd5 23. Kb1 Nxh5 24. Nxh5 Rxh5 25. Rde1 Re8 26. g4 Rg5 27. c3 Kd7 28. Kc2 Kd6 29. Kd3 e5 30. a3 e4+ 31. Ke3 Re7 32. a4 f5 33. gxf5 Rxf5 34. Ref1 Rf3+ 35. Rxf3 exf3+ 36. Kxf3 g5 37. Rh1 Re6 38. b3 Kd5 39. Rd1 h5 40. c4+ Kd6 41. Rh1 h4 42. Rg1 h3 43. Rh1 Rh6 44. Kg4 h2 45. Kxg5 Rh8 46. Kg4 Ke6 47. Re1+ Kf6 48. Rf1+ Kg6 49. Rh1 Rh5 50. Kg3 Kf5 51. Kg2 Ke4 52. Re1+ Kxd4 53. Kh1 Rh7 54. Rc1 Kc5 55. Rf1 Kb4 56. Rf3 Re7 57. Kxh2 Re2+ 58. Kg1 Rb2 59. Rf7 Rxb3 60. Rxb7 Kxa4 61. Rc7 c5 62. Rf7 Kb4 63. Rf4 Kc3 64. Kf2 Rb4 65. Ke1 Rxc4 66. Rf3+ Kb4 67. Kd2 b5 68. Re3 Rh4 69. Kc1 Rh2 70. Rg3 c4 71. Kb1 c3 72. Rg1 Kb3 73. Rf1 b4 74. Rg1 Rh4 75. Ka1 Rd4 76. Rh1 Kc2 77. Rb1 Rd7 0-1

[Event "Mazowiec-chT op"]
[Site "Poland"]
[Date "2014.11.16"]
[Round "6.1"]
[White "Brzezinski, Lukasz"]
[Black "Maminski, Hubert"]
[Result "0-1"]
[WhiteElo "1299"]
[BlackElo "1704"]
[PlyCount "70"]
[EventDate "2014.10.05"]
[EventType "team-tourn"]
[EventRounds "10"]
[EventCountry "POL"]
[SourceTitle "EXT 2019"]
[Source "ChessBase"]
[SourceDate "2018.10.10"]
[SourceVersion "1"]
[SourceVersionDate "2018.10.10"]
[SourceQuality "1"]

1. e4 c5 2. Nf3 e6 3. d4 cxd4 4. Nxd4 Nf6 5. Nc3 Nc6 6. Be3 Bb4 7. Qd2 Nxe4 8. Qd3 Nxc3 9. bxc3 Ba5 10. Nf3 d5 11. Rd1 h6 12. Be2 Qf6 13. Nd4 0-0 14. 0-0 Rd8 15. Bd2 e5 16. Nb3 Bb6 17. c4 dxc4 18. Qxc4 Be6 19. Qa4 Nd4 20. Bd3 Rac8 21. Nxd4 Bxd4 22. Ba5 b6 23. Bd2 a5 24. Ba6 Rc7 25. Bc1 Bxf2+ 26. Kh1 Rxd1 27. Qe8+ Kh7 28. Rxd1 Bd4 29. Bd3+ g6 30. Rf1 Qe7 31. Qa8 Rc8 32. Qf3 f5 33. Qh3 Qg7 34. Ba6 Rxc2 35. a4 Bd7 0-1

[Event "Mazowiec-chT op"]
[Site "Poland"]
[Date "2014.10.26"]
[Round "3.19"]
[White "Maminski, Hubert"]
[Black "Kosior, Artur"]
[Result "0-1"]
[WhiteElo "1704"]
[BlackElo "1621"]
[PlyCount "62"]
[EventDate "2014.10.05"]
[EventType "team-tourn"]
[EventRounds "10"]
[EventCountry "POL"]
[SourceTitle "EXT 2019"]
[Source "ChessBase"]
[SourceDate "2018.10.10"]
[SourceVersion "1"]
[SourceVersionDate "2018.10.10"]
[SourceQuality "1"]

1. d4 d5 2. c4 Nf6 3. Nc3 dxc4 4. e3 e6 5. Bxc4 c5 6. Nf3 Nc6 7. 0-0 cxd4 8. exd4 Be7 9. Bg5 0-0 10. a3 Qc7 11. Qd3 b6 12. Bb3 Bb7 13. Bc2 g6 14. Qc4 Rfd8 15. Rad1 Nd5 16. Nxd5 Rxd5 17. Bxe7 Qxe7 18. Be4 Na5 19. Qe2 Rd6 20. Bxb7 Qxb7 21. Ne5 Rad8 22. Qg4 Nb3 23. Nf3 Qd7 24. Ne5 Qe8 25. Nf3 Qa4 26. Ng5 Rxd4 27. Qf3 R4d7 28. Qf6 Rf8 29. Nxe6 fxe6 30. Qxe6+ Rdf7 31. Qe3 Qc4 0-1

[Event "POL-chT U19 1st League"]
[Site "Maslow Pierwszy"]
[Date "2014.07.28"]
[Round "4"]
[White "Woloch, Oskar"]
[Black "Maminski, Hubert"]
[Result "1-0"]
[WhiteElo "1929"]
[BlackElo "1635"]
[PlyCount "133"]
[EventDate "2014.07.25"]
[EventType "team-tourn"]
[EventRounds "9"]
[EventCountry "POL"]
[SourceTitle "EXT 2015"]
[Source "ChessBase"]
[SourceDate "2014.11.20"]
[SourceVersion "1"]
[SourceVersionDate "2014.11.20"]
[SourceQuality "1"]
[WhiteTeam "Zary ZKSz U19"]
[BlackTeam "Chylice KS Laura U19"]
[WhiteTeamCountry "POL"]
[BlackTeamCountry "POL"]

1. e4 e6 2. d4 d5 3. exd5 exd5 4. Nf3 Nf6 5. Bd3 Bd6 6. 0-0 0-0 7. h3 h6 8. c3 c6 9. Re1 Re8 10. Nbd2 Nbd7 11. Nf1 Nf8 12. Rxe8 Qxe8 13. Qc2 Ne6 14. Bd2 Nf4 15. Re1 Qd7 16. Bxf4 Bxf4 17. Ne5 Qc7 18. Qe2 Be6 19. Qf3 Bxe5 20. Rxe5 Re8 21. Re2 b6 22. Qg3 Qd7 23. Nd2 Bf5 24. Rxe8+ Nxe8 25. Bxf5 Qxf5 26. Qb8 Qd7 27. Nf3 f6 28. Kf1 Kh7 29. Qf4 Nd6 30. Kg1 Qe6 31. h4 h5 32. g3 Kg8 33. Kg2 Kh7 34. Nd2 Ne4 35. Qe3 Qf5 36. Nxe4 dxe4 37. f3 exf3+ 38. Qxf3 Qd5 39. Kf2 Qxa2 40. Qxh5+ Kg8 41. Qe8+ Kh7 42. Qe4+ Kh6 43. Qf4+ Kg6 44. Qg4+ Kf7 45. Qh5+ Kf8 46. Qe2 Qd5 47. Qg4 Qd8 48. Qe6 Qc7 49. c4 a5 50. Kf3 b5 51. cxb5 cxb5 52. d5 Qc1 53. Qd6+ Ke8 54. Qb8+ Kf7 55. Qb7+ Kf8 56. Qxb5 Qh1+ 57. Kf4 Qc1+ 58. Ke4 Qe1+ 59. Kd4 Qd2+ 60. Kc5 Qe3+ 61. Kc6 Qe8+ 62. Kb6 Qd8+ 63. Kc5 Qe7+ 64. d6 Qe5+ 65. Kc6 Qe4+ 66. Kc7 Qc2+ 67. Qc6 1-0

[Event "Mazowiec-chT 1314"]
[Site "Poland"]
[Date "2014.03.09"]
[Round "10.7"]
[White "Koziol, Pawel"]
[Black "Maminski, Hubert"]
[Result "1-0"]
[WhiteElo "1873"]
[BlackElo "1666"]
[PlyCount "95"]
[EventDate "2014.01.12"]
[EventType "team-tourn"]
[EventRounds "10"]
[EventCountry "POL"]
[SourceTitle "EXT 2019"]
[Source "ChessBase"]
[SourceDate "2018.10.10"]
[SourceVersion "1"]
[SourceVersionDate "2018.10.10"]
[SourceQuality "1"]

1. Nf3 e6 2. g3 f5 3. Bg2 Nf6 4. 0-0 Be7 5. c4 0-0 6. Nc3 d5 7. b3 c5 8. cxd5 exd5 9. d4 Ne4 10. Bb2 Bf6 11. Rc1 b6 12. dxc5 Nxc3 13. Bxc3 bxc5 14. Bxf6 Rxf6 15. Rxc5 Bb7 16. Nd4 Na6 17. Rc2 Qd7 18. e3 Nb4 19. Rd2 Rd8 20. a3 Na6 21. b4 Nc7 22. Qa1 Ba6 23. Rc1 Bc4 24. Bf1 Bxf1 25. Rxf1 Nb5 26. Nxb5 Qxb5 27. Rfd1 Re6 28. Qa2 Red6 29. Rd4 Kh8 30. Qc2 Qd7 31. Rc1 Qf7 32. Rf4 g6 33. Qc7 R8d7 34. Qc3+ Kg8 35. h4 h5 36. Qd3 Rd8 37. Rc5 Qb7 38. Rd4 Qd7 39. Qc2 Qe7 40. b5 Qf7 41. a4 R6d7 42. Rc6 Rd6 43. Rxd6 Rxd6 44. Qc5 Qd7 45. Rd1 Kh8 46. Rc1 Qe7 47. a5 Qf6 48. Qxa7 1-0

[Event "Mazowiec-chT 1314"]
[Site "Poland"]
[Date "2014.01.19"]
[Round "4.19"]
[White "Kaminski, Lukasz"]
[Black "Maminski, Hubert"]
[Result "0-1"]
[WhiteElo "1390"]
[BlackElo "1666"]
[PlyCount "149"]
[EventDate "2014.01.12"]
[EventType "team-tourn"]
[EventRounds "10"]
[EventCountry "POL"]
[SourceTitle "EXT 2019"]
[Source "ChessBase"]
[SourceDate "2018.10.10"]
[SourceVersion "1"]
[SourceVersionDate "2018.10.10"]
[SourceQuality "1"]

1. e4 c6 2. d4 d5 3. exd5 cxd5 4. c4 Nf6 5. Nc3 e6 6. Nf3 Be7 7. Bf4 a6 8. Be2 Nc6 9. 0-0 0-0 10. Re1 b6 11. a3 dxc4 12. Bxc4 Nd5 13. Bg3 Bb7 14. Nxd5 exd5 15. Be2 Bf6 16. Rc1 Re8 17. b4 Rc8 18. Qd3 Re4 19. Bf1 Nxd4 20. Rxc8 Qxc8 21. Rd1 Nxf3+ 22. Qxf3 d4 23. Bxa6 Qe8 24. Bf1 Ba8 25. Qd3 g6 26. h3 Re6 27. Rc1 Kg7 28. Qa6 Rc6 29. Rd1 Qc8 30. Qa4 Bb7 31. Be2 Qa8 32. Qxa8 Bxa8 33. b5 Rc3 34. Bd6 Bd5 35. Bb4 Rc8 36. Bg4 Rd8 37. f4 Bc4 38. a4 Bb3 39. Ra1 d3 40. Ra3 Bc2 41. a5 d2 42. Bxd2 Rxd2 43. a6 Rd8 44. Bf3 Be7 45. Ra1 Bf6 46. Ra2 Bb1 47. Ra3 Bd4+ 48. Kf1 Bc5 49. Ra1 Bd3+ 50. Ke1 Re8+ 51. Kd2 Rd8 52. Ke1 Re8+ 53. Kd2 Bxb5 54. a7 Be3+ 55. Kc3 Bxf4 56. a8Q Rxa8 57. Rxa8 Kf6 58. Kb4 Bd7 59. Kc4 Bd6 60. Kd5 Bc5 61. Ra1 Ke7 62. Rf1 Be6+ 63. Ke4 Kd7 64. Kd3 b5 65. Re1 Kd6 66. Bd1 Bc4+ 67. Kc3 Be6 68. Bf3 b4+ 69. Kd2 b3 70. Kc3 Kc7 71. Ra1 Kb6 72. Rb1 Bd6 73. Kb2 Be5+ 74. Ka3 b2 75. Be4 0-1

[Event "Mazowiec-chT op 2013"]
[Site "Poland"]
[Date "2013.12.08"]
[Round "10.12"]
[White "Maminski, Hubert"]
[Black "Rymarowicz, Pawel"]
[Result "1-0"]
[WhiteElo "1521"]
[BlackElo "1725"]
[PlyCount "99"]
[EventDate "2013.09.29"]
[EventType "team-swiss"]
[EventRounds "10"]
[EventCountry "POL"]
[SourceTitle "EXT 2019"]
[Source "ChessBase"]
[SourceDate "2018.10.10"]
[SourceVersion "1"]
[SourceVersionDate "2018.10.10"]
[SourceQuality "1"]

1. Nf3 c5 2. c4 g6 3. g3 Bg7 4. Bg2 Qb6 5. Nc3 e6 6. 0-0 Ne7 7. d3 0-0 8. Qc2 a6 9. Bf4 d6 10. Rab1 e5 11. Bd2 Nbc6 12. e4 Qc7 13. a3 Be6 14. Nd5 Qd8 15. Bc3 Nd4 16. Nxd4 exd4 17. Bd2 Nxd5 18. exd5 Bf5 19. Rfe1 b5 20. b3 Qd7 21. Be4 Rab8 22. Bxf5 Qxf5 23. Bf4 Rb6 24. a4 Rfb8 25. a5 g5 26. axb6 gxf4 27. Qe2 fxg3 28. hxg3 Rxb6 29. Ra1 bxc4 30. bxc4 Bh6 31. Rab1 Rb4 32. Ra1 Rb3 33. Red1 Qc8 34. Rab1 Rb4 35. Re1 Bf8 36. Qd2 a5 37. Qg5+ Bg7 38. Qe7 Bf8 39. Qe2 Qb8 40. Qg4+ Kh8 41. Rxb4 cxb4 42. Qd7 Kg7 43. Re8 Qb6 44. Qg4+ Kf6 45. Qf4+ Kg6 46. Rxf8 b3 47. Qxf7+ Kg5 48. Rg8+ Kh6 49. Qg7+ Kh5 50. Qxh7# 1-0

[Event "Mazowiec-chT op 2013"]
[Site "Poland"]
[Date "2013.12.01"]
[Round "7.15"]
[White "Golebiewski, Marek"]
[Black "Maminski, Hubert"]
[Result "0-1"]
[WhiteElo "1731"]
[BlackElo "1521"]
[PlyCount "86"]
[EventDate "2013.09.29"]
[EventType "team-swiss"]
[EventRounds "10"]
[EventCountry "POL"]
[SourceTitle "EXT 2019"]
[Source "ChessBase"]
[SourceDate "2018.10.10"]
[SourceVersion "1"]
[SourceVersionDate "2018.10.10"]
[SourceQuality "1"]

1. e4 c6 2. d4 d5 3. Nc3 Nf6 4. e5 Nfd7 5. f4 e6 6. Nf3 c5 7. Be3 cxd4 8. Bxd4 Nc6 9. Bf2 Be7 10. a3 b6 11. b4 Bb7 12. Bd3 Rc8 13. Ne2 Ncb8 14. Ned4 Ba6 15. Bxa6 Nxa6 16. 0-0 Nab8 17. f5 Nf8 18. fxe6 fxe6 19. Qd2 Nc6 20. b5 Nxd4 21. Nxd4 Bc5 22. Nc6 Bxf2+ 23. Rxf2 Qd7 24. Raf1 Ng6 25. Qb4 a6 26. a4 a5 27. Qa3 Rg8 28. h4 h5 29. g4 Rxc6 30. bxc6 Qxc6 31. gxh5 Ne7 32. Kh2 Nf5 33. Qd3 Qxa4 34. Rf4 Qd7 35. Qa6 Qc7 36. Qb5+ Ke7 37. c4 Rd8 38. Qb2 d4 39. Qg2 Qxe5 40. Kh1 Rd7 41. Qg5+ Qf6 42. Qg4 d3 43. Re1 Kd8 0-1